Parkland sites face threat from golfing boom (Record no. 29310)
[ view plain ]
| 000 -LEADER | |
|---|---|
| fixed length control field | 01455cab a2200205 4500 |
| 001 - CONTROL NUMBER | |
| control field | ABS44279 |
| 008 - FIXED-LENGTH DATA ELEMENTS--GENERAL INFORMATION | |
| fixed length control field | 090401t1991 xxu||||| |||| 00| 0 eng d |
| 035 ## - SYSTEM CONTROL NUMBER | |
| System control number | (Sirsi) u46327 |
| 041 ## - LANGUAGE CODE | |
| Language code of text/sound track or separate title | eng |
| 100 ## - MAIN ENTRY--PERSONAL NAME | |
| Personal name | Lambert, D. |
| 245 ## - TITLE STATEMENT | |
| Title | Parkland sites face threat from golfing boom |
| 260 ## - PUBLICATION, DISTRIBUTION, ETC. | |
| Date of publication, distribution, etc. | 1991 |
| 350 ## - PRICE (NR) (BK AM CF MU VM SE) [OBSOLETE] | |
| Price | 0 |
| 490 ## - SERIES STATEMENT | |
| Series statement | Planning (for the Natural and Built Environment) |
| Volume/sequential designation | (910) 22 March 1991, 20-21 (2) |
| 520 ## - SUMMARY, ETC. | |
| Summary, etc. | In considering planning applications from developers for golf course development schemes on historic parklands , planning authorities are urged to make use of statutory powers available ensuring that applications are accompanied by a good environmental assessment taking into account how the historic character of the site can be preserved and restored by careful landscaping and good design and management techniques. Special interest groups such as the Garden History Society Georgian Group and English Heritage can be consulted for advice with the latter producing a " Register of parks and gardens of special historic interest. A number of authorities have included historical sites in designated conservation areas whilst PPG16 requires any development on sites included on county sites and monuments record to have a full evaluation of the historic nature of the site and nature of proposed developments. |
| 650 ## - SUBJECT ADDED ENTRY--TOPICAL TERM | |
| Topical term or geographic name entry element | LANDSCAPE CONSERVATION |
| 690 ## - LOCAL SUBJECT ADDED ENTRY--TOPICAL TERM (OCLC, RLIN) | |
| Topical term or geographic name as entry element | LEISURE AND RECREATION |
| 942 ## - ADDED ENTRY ELEMENTS (KOHA) | |
| Suppress in OPAC | 0 |
| 948 ## - LOCAL PROCESSING INFORMATION (OCLC); SERIES PART DESIGNATOR (RLIN) | |
| c (OCLC) | 04/03/1997 |
| Withdrawn status | Lost status | Source of classification or shelving scheme | Damaged status | Not for loan | Home library | Current library | Shelving location | Date acquired | Total Checkouts | Full call number | Barcode | Date last seen | Copy number | Price effective from | Koha item type |
|---|---|---|---|---|---|---|---|---|---|---|---|---|---|---|---|
| Dewey Decimal Classification | London | London | Journal article | 14/09/1999 | ABS44279 | 46327-1001 | 06/08/2019 | 1 | 06/08/2019 | Journal article |